000 00515nam a2200181Ia 4500
008 090124s9999 xx 000 0 und d
082 _b29742
_a1878
100 _aप्रभावळकर दिलीप
245 _a अनुदिनी
250 _a1
260 _c1998
300 _a163
600 _aप्रभावळकर दिलीप
630 _a अनुदिनी
700 _aप्रभावळकर दिलीप
730 _a अनुदिनी
942 _cBOOK
999 _c143224
_d143224